| 000 | 00904nam a22003017a 4500 | ||
|---|---|---|---|
| 003 | CHAP | ||
| 005 | 20220329132930.0 | ||
| 008 | 971013s1987 r 00010 d | ||
| 010 | _a385 | ||
| 011 | _a1357 | ||
| 035 | _a533 | ||
| 040 | _cCHAP | ||
| 082 |
_a576 _bA8 1987 |
||
| 100 | 0 | 0 |
_aAtlas, Ronald M. _98258 |
| 245 |
_aMicrobial ecology _b: fundamentals and applications |
||
| 250 | _a2 ed. | ||
| 260 |
_aMenlo Park, Ca. : _bBenjamin - Cummins, _c1987 |
||
| 300 |
_a533 p. _b: ilus. |
||
| 500 | _a36-98 | ||
| 590 |
_aBATCH-UPD _b10 _c20130110 _lUCH01 _h2028 |
||
| 590 |
_aBATCH-UPD _b10 _c20130410 _lUCH01 _h1345 |
||
| 590 |
_aBATCH-UPD _b10 _c20130914 _lUCH01 _h1004 |
||
| 590 |
_aCONVERSION _b10 _c20130109 _lUCH01 _h1302 |
||
| 650 | 1 | 4 |
_aMicroorganismos _xEcologĂa. _975522 |
| 901 | _aBK | ||
| 942 | _cLIBRO | ||
| 949 |
_a576 A8 1987 _bBC _cLIBRO _d33724002064314 _eLIBRO _gI.148619 _h76886 _i533 _si _t140.00 |
||
| 999 |
_c385 _d385 |
||